LEADER 01149nam0-22003131i-450- 001 990002020320403321 005 20090416152611.0 035 $a000202032 035 $aFED01000202032 035 $a(Aleph)000202032FED01 035 $a000202032 100 $a20030910d1985----km-y0itay50------ba 101 0 $aeng 200 1 $aRevision of the family Kermesidae (Homoptera) in the Nearctic region based on adult and third instar females$fStephen W. Bullington, Michael Kosztarab 210 $aBlacksburg$cResearch Division, Virginia Polytechnic Institute$d1985 215 $a118 p.$d27 cm 225 1 $aStudies on the morphology and systematics of scale insects$emonographic series$v12 610 0 $aRincoti Omotteri 610 0 $aCocciniglie 676 $a595.752 700 1$aBullington,$bStephen W.$085670 701 1$aKosztarab,$bMichael$085666 801 0$aIT$bUNINA$gRICA$2UNIMARC 901 $aBK 912 $a990002020320403321 952 $a61 IV F.3/74$b1989$fDAGEN 959 $aDAGEN 996 $aRevision of the family Kermesidae (Homoptera) in the Nearctic region based on adult and third instar females$9405107 997 $aUNINA